Law and Order main characters - Statistics

General Stats
  • This quiz has been taken 247 times
    110 since last reset
  • The average score is 15 of 52
Answer Stats
Season Answer % Correct
1-4 Exec. Asst. DA Ben Stone
74%
3-14 Sr. Detective Lennie Briscoe
56%
5-20 Exec. Asst. DA / DA Jack McCoy
53%
4-20 Lieutenant Anita Van Buren
48%
1-3 Captain Donald Cragen
48%
10-18 Jr. Detective / Sr. Detective Ed Green
48%
1-5 Jr. Detective Mike Logan
44%
1-10 DA Adam Schiff
43%
6-9 Jr. Detective Rey Curtis
43%
Sam Waterston
36%
18-20 Jr. Detective / Sr. Detective Cyrus Lupo
35%
18-20 Exec. Asst. DA Michael Cutter
35%
1-3 Asst. DA Paul Robinette
33%
4-6 Asst. DA Claire Kincaid
32%
12-15 Asst. DA Serena Southerlyn
31%
Anthony Anderson
30%
17-20 Asst. DA Connie Rubirosa
30%
Angie Harmon
28%
7-8 Asst. DA Jamie Ross
28%
18-20 Jr. Detective Kevin Bernard
28%
9-11 Asst. DA Abbie Carmichael
27%
13-17 DA Arthur Branch
27%
Benjamin Bratt
27%
Chris Noth
27%
Jerry Orbach
27%
15-16 Sr. Detective Joe Fontana
27%
Dianne Wiest
25%
1 Sr. Detective Max Greevey
25%
Jeremy Sisto
23%
Michael Moriarty
23%
2-3 Sr. Detective Phil Cerreta
23%
S. Epatha Merkerson
23%
Fred Thompson
22%
Jill Hennessy
22%
17 Jr. Detective Nina Cassady
22%
Carey Lowell
21%
Linus Roache
21%
15 Jr. Detective Nick Falco
21%
11-12 DA Nora Lewin
21%
Paul Sorvino
21%
Alana de la Garza
20%
Steven Hill
20%
15-16 Asst. DA Alexandra Borgia
19%
Dann Florek
19%
Dennis Farina
17%
Jesse L. Martin
17%
Michael Imperioli
17%
Elisabeth Rohm
16%
Annie Parisse
15%
George Dzundza
14%
Milena Govich
11%
Richard Brooks
10%
No matching quizzes found
Score Distribution
Percent of People with Each Score
Percentile by Number Answered
Your Score History
You have not taken this quiz since the last reset